[Event "Nuremberg Zabo op 23rd"]
[Site "Nuremberg"]
[Date "2023.09.15"]
[Round "1"]
[White "Atturi, Sathwik Reddy"]
[Black "Naegelein, Yannick"]
[Result "0-1"]
[WhiteElo "1300"]
[BlackElo "1590"]
[PlyCount "96"]
[EventDate "2023.09.15"]
[EventType "swiss"]
[EventRounds "5"]
[EventCountry "GER"]
[SourceTitle "CBM 216 Extra"]
[Source "ChessBase"]
[SourceDate "2023.11.30"]
[SourceVersion "1"]
[SourceVersionDate "2023.11.30"]
[SourceQuality "1"]

1. e4 e6 2. d4 d5 3. exd5 exd5 4. c4 Nc6 5. Nf3 Bg4 6. Be2 dxc4 7. Bxc4 Qe7+ 8. Qe2 Bxf3 9. Qxe7+ Bxe7 10. gxf3 Nxd4 11. Nd2 Nc2+ 12. Kd1 Nxa1 13. b3 0-0-0 14. Bb2 f6 15. Kc1 Bb4 16. Ne4 Nxb3+ 17. Bxb3 Nh6 18. h4 Rhe8 19. Bc2 Nf7 20. h5 f5 21. Nc3 g6 22. hxg6 hxg6 23. a3 Ba5 24. Kb1 Ne5 25. f4 Nc4 26. Rg1 Bxc3 27. Bxc3 Nxa3+ 28. Kb2 Nxc2 29. Kxc2 Re2+ 30. Kb3 Rxf2 31. Rxg6 Rxf4 32. Be5 Re4 33. Bf6 Rde8 34. Kc3 f4 35. Bh4 f3 36. Rf6 Rxh4 37. Rxf3 Reh8 38. Kd3 Rh3 39. Rxh3 Rxh3+ 40. Kc4 Kd7 41. Kb5 Kd6 42. Kb4 Kd5 43. Kb5 Rb3+ 44. Ka4 Rb6 45. Ka3 Kc4 46. Ka2 Kc3 47. Ka1 Kc2 48. Ka2 Ra6# 0-1